The Right People - The Lord of the Rings - Statistics

General Stats
  • This quiz has been taken 10 times
  • The average score is 62 of 64
Answer Stats
Question Tile Select % Correct
Men Aragorn Yes
100%
Elves Aragorn No
100%
Dwarves Aragorn No
100%
Hobbits Aragorn No
100%
Elves Arwen Yes
100%
Dwarves Arwen No
100%
Hobbits Arwen No
100%
Elves Déagol No
100%
Elves Dwalin No
100%
Dwarves Dwalin Yes
100%
Hobbits Dwalin No
100%
Elves Elrond Yes
100%
Dwarves Elrond No
100%
Hobbits Elrond No
100%
Men Faramir Yes
100%
Elves Faramir No
100%
Dwarves Faramir No
100%
Hobbits Faramir No
100%
Elves Frodo No
100%
Dwarves Frodo No
100%
Hobbits Frodo Yes
100%
Men Galadriel No
100%
Elves Galadriel Yes
100%
Dwarves Galadriel No
100%
Hobbits Galadriel No
100%
Elves Gimli No
100%
Dwarves Gimli Yes
100%
Hobbits Gimli No
100%
Men Grima Yes
100%
Elves Grima No
100%
Dwarves Grima No
100%
Hobbits Grima No
100%
Elves Legolas Yes
100%
Dwarves Legolas No
100%
Hobbits Legolas No
100%
Elves Meriadoc No
100%
Dwarves Meriadoc No
100%
Elves Samwise No
100%
Dwarves Samwise No
100%
Hobbits Samwise Yes
100%
Men Théoden Yes
100%
Elves Théoden No
100%
Dwarves Théoden No
100%
Hobbits Théoden No
100%
Elves Thorin No
100%
Hobbits Thorin No
100%
Elves Thror No
100%
Hobbits Thror No
100%
Men Arwen No
89%
Men Déagol No
89%
Dwarves Déagol No
89%
Men Dwalin No
89%
Men Elrond No
89%
Men Frodo No
89%
Men Gimli No
89%
Men Legolas No
89%
Men Samwise No
89%
Dwarves Thorin Yes
89%
Men Thror No
89%
Dwarves Thror Yes
89%
Hobbits Déagol Yes
78%
Men Meriadoc No
78%
Hobbits Meriadoc Yes
78%
Men Thorin No
78%
No matching quizzes found
Score Distribution
Percent of People with Each Score
Percentile by Number Answered
Your Score History
You have not taken this quiz